<?xml version="1.0" encoding="UTF-8"?><record xmlns="http://www.loc.gov/MARC21/slim" xmlns:zs="http://docs.oasis-open.org/ns/search-ws/sruResponse">
  <leader>02214cas a22004817a 4500</leader>
  <controlfield tag="001">20330652</controlfield>
  <controlfield tag="008">870228d18981970msuwr ne      0   a0eng d</controlfield>
  <controlfield tag="005">20250917105005.4</controlfield>
  <datafield ind1=" " ind2=" " tag="010">
    <subfield code="a">sn 87065195 </subfield>
  </datafield>
  <datafield ind1=" " ind2=" " tag="019">
    <subfield code="a">1127506484</subfield>
  </datafield>
  <datafield ind1="0" ind2=" " tag="022">
    <subfield code="a">2576-7143</subfield>
    <subfield code="2">1</subfield>
  </datafield>
  <datafield ind1=" " ind2=" " tag="035">
    <subfield code="a">(OCoLC)15253715</subfield>
  </datafield>
  <datafield ind1=" " ind2=" " tag="040">
    <subfield code="a">MJA</subfield>
    <subfield code="b">eng</subfield>
    <subfield code="c">MJA</subfield>
    <subfield code="d">MSJ</subfield>
    <subfield code="d">OCLCQ</subfield>
    <subfield code="d">DLC</subfield>
    <subfield code="d">OCLCF</subfield>
    <subfield code="d">OCLCL</subfield>
    <subfield code="d">MUS</subfield>
  </datafield>
  <datafield ind1=" " ind2=" " tag="042">
    <subfield code="a">msc</subfield>
    <subfield code="a">nsdp</subfield>
  </datafield>
  <datafield ind1=" " ind2=" " tag="043">
    <subfield code="a">n-us-ms</subfield>
  </datafield>
  <datafield ind1="0" ind2="0" tag="050">
    <subfield code="a">Newspaper</subfield>
  </datafield>
  <datafield ind1="1" ind2="0" tag="082">
    <subfield code="a">071</subfield>
    <subfield code="2">23</subfield>
    <subfield code="1">https://id.oclc.org/worldcat/ddc/E4dfHGhx3CP9J6H88DhYHkwpGh</subfield>
  </datafield>
  <datafield ind1=" " ind2="0" tag="222">
    <subfield code="a">Times-promoter</subfield>
    <subfield code="b">(Print)</subfield>
  </datafield>
  <datafield ind1="0" ind2="0" tag="245">
    <subfield code="a">Times-promoter.</subfield>
  </datafield>
  <datafield ind1=" " ind2=" " tag="260">
    <subfield code="a">Hernando, DeSoto County, Miss. :</subfield>
    <subfield code="b">Banks &amp; Morgan,</subfield>
    <subfield code="c">1898-1970.</subfield>
  </datafield>
  <datafield ind1=" " ind2=" " tag="310">
    <subfield code="a">Weekly</subfield>
  </datafield>
  <datafield ind1="0" ind2=" " tag="362">
    <subfield code="a">Vol. 2, [no. 19] (Sept. [17], 1898)-v. 74, no. 46 (Oct. 9, 1970).</subfield>
  </datafield>
  <datafield ind1=" " ind2=" " tag="515">
    <subfield code="a">Vol. 2, no. 19 misnumbered v. 2, no. 18.</subfield>
  </datafield>
  <datafield ind1=" " ind2=" " tag="515">
    <subfield code="a">Sept. 17, 1898 issue misdated Sept. 16, 1898.</subfield>
  </datafield>
  <datafield ind1=" " ind2=" " tag="530">
    <subfield code="a">Archived issues are available in digital format from the Library of Congress Chronicling America online collection.</subfield>
  </datafield>
  <datafield ind1=" " ind2=" " tag="580">
    <subfield code="a">Formed by the union of: Promoter, and: DeSoto times.</subfield>
  </datafield>
  <datafield ind1=" " ind2=" " tag="580">
    <subfield code="a">Merged with: DeSoto County news, to form: DeSoto times (Hernando, Miss. : 1970).</subfield>
  </datafield>
  <datafield ind1=" " ind2="0" tag="651">
    <subfield code="a">Hernando (Miss.)</subfield>
    <subfield code="v">Newspapers.</subfield>
  </datafield>
  <datafield ind1=" " ind2="7" tag="651">
    <subfield code="a">Mississippi</subfield>
    <subfield code="z">Hernando.</subfield>
    <subfield code="2">fast</subfield>
    <subfield code="0">(OCoLC)fst01229017</subfield>
    <subfield code="1">https://id.oclc.org/worldcat/entity/E39PBJtxkmR3VYjd7YRwmbK68C</subfield>
  </datafield>
  <datafield ind1=" " ind2="6" tag="651">
    <subfield code="a">Mississippi</subfield>
    <subfield code="x">Histoire</subfield>
    <subfield code="y">20e siècle</subfield>
    <subfield code="v">Journaux.</subfield>
  </datafield>
  <datafield ind1=" " ind2="7" tag="655">
    <subfield code="a">Newspapers.</subfield>
    <subfield code="2">fast</subfield>
    <subfield code="0">(OCoLC)fst01423814</subfield>
  </datafield>
  <datafield ind1=" " ind2=" " tag="752">
    <subfield code="a">United States</subfield>
    <subfield code="b">Mississippi</subfield>
    <subfield code="c">DeSoto</subfield>
    <subfield code="d">Hernando.</subfield>
  </datafield>
  <datafield ind1="0" ind2="8" tag="776">
    <subfield code="i">Online version:</subfield>
    <subfield code="t">Times-promoter</subfield>
    <subfield code="x">2576-7151</subfield>
    <subfield code="w">(DLC)  2018218533</subfield>
    <subfield code="w">(OCoLC)1021074590</subfield>
  </datafield>
  <datafield ind1="1" ind2="4" tag="780">
    <subfield code="t">Promoter</subfield>
    <subfield code="w">(DLC)sn 87065184</subfield>
    <subfield code="w">(OCoLC)15253674</subfield>
  </datafield>
  <datafield ind1="1" ind2="4" tag="780">
    <subfield code="t">DeSoto times</subfield>
    <subfield code="x">2575-4629</subfield>
    <subfield code="w">(DLC)sn 87065180</subfield>
    <subfield code="w">(OCoLC)15253651</subfield>
  </datafield>
  <datafield ind1="1" ind2="7" tag="785">
    <subfield code="t">DeSoto County news</subfield>
  </datafield>
  <datafield ind1="1" ind2="7" tag="785">
    <subfield code="t">DeSoto times (Hernando, Miss. : 1970)</subfield>
    <subfield code="w">(DLC)sn 87065194</subfield>
    <subfield code="w">(OCoLC)15278393</subfield>
  </datafield>
  <datafield ind1="4" ind2="1" tag="859">
    <subfield code="u">http://www.loc.gov/chroniclingamerica/lccn/sn87065195/issues</subfield>
  </datafield>
  <datafield ind1=" " ind2=" " tag="906">
    <subfield code="a">7</subfield>
    <subfield code="b">cbc</subfield>
    <subfield code="c">sercoop</subfield>
    <subfield code="d">2</subfield>
    <subfield code="e">ncip</subfield>
    <subfield code="f">19</subfield>
    <subfield code="g">n-oclcserc</subfield>
  </datafield>
  <datafield ind1="0" ind2=" " tag="925">
    <subfield code="a">Acquire</subfield>
    <subfield code="b">1 shelf copy</subfield>
    <subfield code="x">policy default 2018-01-31</subfield>
  </datafield>
  <datafield ind1=" " ind2=" " tag="955">
    <subfield code="b">sr02 2018-01-31</subfield>
    <subfield code="k">sr02 2018-01-31</subfield>
  </datafield>
  <datafield ind1=" " ind2=" " tag="955">
    <subfield code="a">LCAP batch update 2025-06-26-04:00: LCAPM-644, LCAPM-893</subfield>
  </datafield>
  <datafield ind1=" " ind2=" " tag="985">
    <subfield code="a">serpull/chronam</subfield>
    <subfield code="e">ndnp</subfield>
  </datafield>
</record>
